000
00223 a2200097 4500
001
59657
100
_a
245
_a
Teacher's handbook of curriculum management
260
_a
New Delhi
_b
Anmol
_c
2007
090
_c
36531
_d
36531
942
_a
NUST-CAE
_c
_c
29482
999
_c
294730
_d
294730